| 000 | 00382nam a2200145Ia 4500 | ||
|---|---|---|---|
| 008 | 150201s2002 xx 000 0 und d | ||
| 082 |
_a617 _bC2002S |
||
| 100 | _aSATISH CHANDRA | ||
| 245 | _aT.B.OF COMMUNITY DENTISTRY | ||
| 250 | _a1ST | ||
| 260 |
_bJAYPEE MEDICAL PUBLISHER _aDELHI _c2002 |
||
| 300 | _a1-597 | ||
| 650 | _aPREVENTIVE AND COMMUNITY DENTISTRY | ||
| 942 |
_2ddc _cBK _01 |
||
| 999 |
_c2825 _d2825 |
||